| 000 | 01184cam a2200301 a 4500 | ||
|---|---|---|---|
| 001 | 3034233 | ||
| 003 | OSt | ||
| 005 | 20240517115818.0 | ||
| 008 | 950621s1996 enka b 001 0 eng | ||
| 010 | _a 95032567 | ||
| 020 | _a0521461960 (hc) | ||
| 040 |
_aDLC _cDDC _dDLC |
||
| 050 | 0 | 0 |
_aQC611.6.D4 _bR43 1996 |
| 082 | 0 | 0 | _a621.38 RED 1996 |
| 100 | 1 |
_aEdited by Redfield, David ; Bube, Richard H.; _914974 |
|
| 245 | 1 | 0 | _aPhotoinduced Defects in Semiconductors |
| 260 |
_aNew York; _bCambridge University Press, _c1996. |
||
| 300 |
_ax,217p; _bill. _c24cm. |
||
| 440 | 0 |
_aCambridge studies in semiconductor physics and microelectronic engineering ; _v4 _914976 |
|
| 504 | _aIncludes; bibliographical references (p. 201-214) and index. | ||
| 650 | 0 |
_aPhysics _9809 |
|
| 650 | 0 |
_aSemiconductors _913406 |
|
| 856 | 4 | 2 |
_3Publisher description _uhttp://www.loc.gov/catdir/description/cam027/95032567.html |
| 856 | 4 | 1 |
_3Table of contents _uhttp://www.loc.gov/catdir/toc/cam024/95032567.html |
| 906 |
_a7 _bcbc _corignew _d1 _eocip _f19 _gy-gencatlg |
||
| 942 |
_2ddc _cO_SHELF |
||
| 999 |
_c7300 _d7300 |
||